Sport, culture and society : (Record no. 99260)
[ view plain ]
| 000 -LEADER | |
|---|---|
| fixed length control field | 01015cam a2200313 a 4500 |
| 001 - CONTROL NUMBER | |
| control field | 16945000 |
| 003 - CONTROL NUMBER IDENTIFIER | |
| control field | URS |
| 005 - DATE AND TIME OF LATEST TRANSACTION | |
| control field | 20260326151013.0 |
| 008 - FIXED-LENGTH DATA ELEMENTS--GENERAL INFORMATION | |
| fixed length control field | 110902s20122003enka 000 0 eng |
| 010 ## - LIBRARY OF CONGRESS CONTROL NUMBER | |
| LC control number | 2011036858 |
| 020 ## - INTERNATIONAL STANDARD BOOK NUMBER | |
| International Standard Book Number | 9780415478557 |
| 020 ## - INTERNATIONAL STANDARD BOOK NUMBER | |
| International Standard Book Number | 9780415483933 |
| 020 ## - INTERNATIONAL STANDARD BOOK NUMBER | |
| International Standard Book Number | 9780203883808 |
| 040 ## - CATALOGING SOURCE | |
| Original cataloging agency | DLC |
| Transcribing agency | DLC |
| Modifying agency | DLC |
| 050 14 - LIBRARY OF CONGRESS CALL NUMBER | |
| Classification number | GV 706.5 |
| Item number | .J2982 2012 |
| 100 1# - MAIN ENTRY--PERSONAL NAME | |
| Personal name | Jarvie, Grant, |
| Dates associated with a name | 1955- |
| 245 10 - TITLE STATEMENT | |
| Title | Sport, culture and society : |
| Remainder of title | an introduction / |
| Statement of responsibility, etc. | by Grant Jarvie. |
| 250 ## - EDITION STATEMENT | |
| Edition statement | Second edition- |
| 260 ## - PUBLICATION, DISTRIBUTION, ETC. | |
| Date of publication, distribution, etc. | 2012. |
| 264 #1 - PRODUCTION, PUBLICATION, DISTRIBUTION, MANUFACTURE, AND COPYRIGHT NOTICE | |
| Place of production, publication, distribution, manufacture | Milton Park, Abingdon, Oxon ; |
| Name of producer, publisher, distributor, manufacturer | New York : |
| Date of production, publication, distribution, manufacture, or copyright notice | Routledge, |
| 300 ## - PHYSICAL DESCRIPTION | |
| Extent | xiv, 501 pages : |
| Other physical details | illustration; |
| Dimensions | 26 cm |
| 336 ## - CONTENT TYPE | |
| Content type term | text |
| Content type code | txt |
| Source | rdacontent |
| 337 ## - MEDIA TYPE | |
| Media type term | unmediated |
| Media type code | n |
| Source | rdamedia |
| 338 ## - CARRIER TYPE | |
| Carrier type term | volume |
| Carrier type code | nc |
| Source | rdacarrier |
| 504 ## - BIBLIOGRAPHY, ETC. NOTE | |
| Bibliography, etc. note | Includes bibliographical references about the author and index. |
| 650 #0 - SUBJECT ADDED ENTRY--TOPICAL TERM | |
| Topical term or geographic name entry element | Sports |
| General subdivision | Social aspects. |
| 700 1# - ADDED ENTRY--PERSONAL NAME | |
| Personal name | Thornton, James |
| 942 ## - ADDED ENTRY ELEMENTS (KOHA) | |
| Source of classification or shelving scheme | Library of Congress Classification |
| Koha item type | Foreign Books |
| Edition | second edition |
| Classification part | GV706.5 |
| Item part | .J2982 2012 |
| Withdrawn status | Source of classification or shelving scheme | Damaged status | Not for loan | Home library | Current library | Shelving location | Date acquired | Total Checkouts | Full call number | Barcode | Date last seen | Price effective from | Koha item type |
|---|---|---|---|---|---|---|---|---|---|---|---|---|---|
| Library of Congress Classification | Angono College Library | Angono College Library | Foreign Section | 03/22/2026 | GV706.5 .J2982 2012 | URSANG-3061 | 03/22/2026 | 03/22/2026 | Foreign Books |